Natural colorants for food and nutraceutical uses

Gardado en:
Detalles Bibliográficos
Main Authors: Delgado-Vargas, Francisco (Author), Paredes-López, Octavio (Author)
Formato: Libro
Idioma:inglés
Publicado: Boca Ratón CRC Press 2003
Series:Food Science and Technology
Subjects:
Tags: Engadir etiqueta
Sen Etiquetas, Sexa o primeiro en etiquetar este rexistro!

MARC

LEADER 00000cam a2200000 a 4500
001 UCG8726
003 CL-VaPUC
008 111229e20030000US |||||||||||||||||eng|d
020 |a 1587160765 
082 0 4 |a 664.062  |b DEL  |2 21 
100 0 |a Delgado-Vargas, Francisco  |e author  |9 559850 
700 0 |a Paredes-López, Octavio  |e author  |9 559851 
245 1 0 |a Natural colorants for food and nutraceutical uses 
300 |a 327 p 
942 |c BK 
945 |d 20111229 00:00:00  |a cmena 
260 |a Boca Ratón  |b CRC Press  |c 2003 
650 0 |a Alimentos  |9 256203 
650 7 |a COLORANTES NATURALES  |2 CL-VaPUC  |9 559852 
650 7 |a PIGMENTOS  |2 CL-VaPUC  |9 559853 
650 7 |a PROPIEDADES BIOQUIMICAS  |2 CL-VaPUC  |9 559854 
583 |a last modification  |c 20111229 10:48:00  |k Rodrigo Vera 
490 0 |a Food Science and Technology 
999 |c 346324  |d 346322 
952 |0 0  |1 0  |4 0  |6 664_062000000000000_DEL_2003  |7 0  |8 A  |9 446983  |a BIBALI  |b BIBALI  |c GEN  |d 2019-11-22  |i 4819888  |o 664.062 DEL 2003  |p 4819888  |r 2025-01-20  |w 2019-11-22  |y BK  |k ALI